Nursing and the aged : (Record no. 130)

MARC details
000 -LEADER
fixed length control field 00576nam a2200205 a 4500
005 - DATE AND TIME OF LATEST TRANSACTION
control field 20260322212007.0
008 - FIXED-LENGTH DATA ELEMENTS--GENERAL INFORMATION
fixed length control field data
010 ## - LIBRARY OF CONGRESS CONTROL NUMBER
LC control number 87-029395
020 ## - INTERNATIONAL STANDARD BOOK NUMBER
International Standard Book Number 0070092141
020 ## - INTERNATIONAL STANDARD BOOK NUMBER
International Standard Book Number 9780070092143
096 ## - LOCALLY ASSIGNED NLM-TYPE CALL NUMBER (OCLC)
Classification number WY 152 N9742 1988
001 - CONTROL NUMBER
control field data
245 10 - TITLE STATEMENT
Title Nursing and the aged :
Remainder of title a self-care approach
Statement of responsibility, etc. Irene Mortenson Burnside.
250 ## - EDITION STATEMENT
Edition statement 3rd ed.
260 ## - PUBLICATION, DISTRIBUTION, ETC.
Place of publication, distribution, etc. New York
Name of publisher, distributor, etc. McGraw-Hill
Date of publication, distribution, etc. c1988
300 ## - PHYSICAL DESCRIPTION
Extent xiii, 1085 p. :
Other physical details ill., maps, port. ;
Dimensions 25 cm.
650 02 - SUBJECT ADDED ENTRY--TOPICAL TERM
Topical term or geographic name entry element Geriatric Nursing
650 02 - SUBJECT ADDED ENTRY--TOPICAL TERM
Topical term or geographic name entry element Nurse-Patient Relations
700 1# - ADDED ENTRY--PERSONAL NAME
Personal name Burnside, Irene Mortenson,
Dates associated with a name 1923-
Holdings
Withdrawn status Lost status Damaged status Not for loan Home library Current library Shelving location Date acquired Total checkouts Full call number Barcode Date last seen Price effective from Koha item type
        Riverside Riverside General stacks 22/03/2026   GEN BC0010134 22/03/2026 22/03/2026 Books